000 01073nam0a22002531 4500
001 rc\581162
005 20031121162913.9
035 _a(NLR Aleph) 005828839
090 _a5558318
_c5558318
100 _a20031121d1987 u |0rusy50 ca
101 0 _arus
102 _aRU
105 _aa |||||||||
200 1 _aНовые памятники эпохи металла на Среднем Амуре
_e(Сб. науч. тр.)
_fАН СССР, Сиб. отд-ние, Ин-т истории, филологии и философии
_gОтв. ред. Ю.С. Худяков, С.А. Гладышев
210 _aНовосибирск
_cБ. и.
_d1987
215 _a187 с.
_cил.
_d20
320 _aБиблиогр. в примеч. в конце ст.
702 1 _aХудяков
_bЮ. С.
_gЮлий Сергеевич
_4340
712 0 2 _aИнститут истории, филологии и философии
_cНовосибирск
_3RU\NLR\AUTH\889067
801 0 _aRU
_bNLR
_gpsbo
801 1 _aRU
_bELAR
_2rusmarc
852 _aNLR
_j87-3/11213
942 _cBOOK
980 _aNB